1776 1184 1268 1168 1759 1439 1678 1788 1154 1861 1697 1904 1191 1576 1971 1549 1639 1344 1535 1486 1957 1074 1391 1957 1370 1370 1856 1897 1637 1134 1531 1354 1416 1076 1210 1244 1487 1800 1181 1423 1574 1619 1067 1477 1988 1312 1295 1688 1364 1663 1326 1740 1225 1692 1296 1958 1910 1301 1092 1681 1390 1598 1659 1397 1050 1596 1966 1190 1875 1598 1998 1041 1132 1884 1120 1304 1557 1195 1189 1237 1651 1615 1168 1809 1688 1214 1963 1592 1599 1319 1039 1230 1527 1811 1017 1955 1881 1286 1375 BCNSPRNW ULIB Ver.6.0+V

เปลี่ยนเป็นภาษาไทย

Change to English
 แสดงรายละเอียดบรรณานุกรม
  กลับหน้าหลัก

Brief Record : Get Marc (ISO 2709) : E-mail record : QR code < ปิดหน้าต่าง
LEADER : 00000nam 2200000uu 4500
001    13399111210
003     ULIB
008    110620s2005||||th 000 0 eng d
020    0781725933
060 04 WY195^bK96c 2005
100 1  Kurzen, Corrine R.
245 10 Contemporary practical/vocational nursing /^cCorrine R.Kurzen
250    5th ed.
260    Philadelphia, Pa. :^bLippincott,^cc2005
300    xv, 429 p. :^bill. ;^c23 cm.
504    Includes bibliographical references and index
650  2 Practical nursing^xVocational guidance
650  2 Nursing, Practical^xmethods
650  2 Vocational Guidance
945    ^p1400^l0^i018295
995    Kesorn
999 ^a ใช้งานได้ทุกระบบ
รายการนี้ยังไม่มีแท็ก
คุณยังไม่ได้ล็อกอิน คุณสามารถมีกิจกรรมร่วมกับเว็บไซต์ได้ แต่ต้องล็อกอินก่อน ::
  ล็อกอิน

รายการสื่อสารสนเทศ

ลำดับที่ ประเภท เลขเรียก/บาร์โค้ด สถานที่ สถานะ
- ไม่พบข้อมูล -

รายการใกล้เคียง
    หัวเรื่อง [Vocational Guidance]

BibComment


ยังไม่เคยถูกคอมเมนท์

คอมเมนท์ทรัพยากรรายการนี้
  คอมเมนท์: Contemporary prac..


 Copyright 2026. Bcnsprnw @Library